Súčasné trendy v liečbe Alzheimerovej demencie

Bibliographic Details
Main Author: Virčík, L. (Author)
Corporate Author: Slovenský psychiatrický zjazd (Author)
Format: Conference Proceeding Article
Language:Slovak
ISSN:1335-423X
Subjects:

MARC

LEADER 00000nab a2200000 a 4500
001 vtls000746504
003 SK-MaSNL
005 20260304125738.0
008 250429c2000 xo 0 slo
015 |a SNBRB2001/03-07204 
035 |a CLN000098336 
035 |a urn:nbn:sk:snk-abl4j 
035 |a (urnnbn)urn:nbn:sk:snk:ar-a05odp 
035 |a (uuid)8f4085f4-e57b-4023-87e5-e2fba42e72a2 
040 |a SNKBUCL  |b slo  |c SNKBUCL  |e AACR2 
041 0 |a slo 
044 |a xo  |c SK 
080 |a 616.894-053.8  |2 1997 
100 1 |a Virčík, L.  |4 aut  |9 1431531 
245 1 0 |a Súčasné trendy v liečbe Alzheimerovej demencie  |c L. Virčík 
650 0 7 |a choroba Alzheimerova  |x farmakoterapia  |2 snkbucl  |9 844432 
650 0 7 |a inhibítory acetylcholínesterázy  |2 snkbucl  |9 856024 
650 0 7 |a donepezil  |2 snkbucl  |9 856021 
650 0 7 |a inhibítory cholínesteráz  |2 snkbucl  |9 856025 
650 0 7 |a rivastigmín  |2 snkbucl  |9 891401 
650 0 7 |a inhibítory cholínesterázy  |x klasifikácia  |2 snkbucl  |9 1439122 
650 0 7 |a kongresy  |2 snkbucl  |9 19200 
650 0 7 |a acetylcholín  |2 snkbucl  |9 17659 
650 0 7 |a Alzheimerova choroba  |x diagnostika  |x terapia  |2 snkbucl  |9 1439123 
655 7 |a články z novín a časopisov  |2 snkbucl  |9 267496 
711 1 |a Slovenský psychiatrický zjazd  |n (4. :  |d 2000 :  |c Žilina, Slovensko)  |4 aut  |9 89909 
773 0 |t Psychiatria  |g Roč. 7, č. 2 (2000), s. 101  |x 1335-423X 
850 |a Slovenská národná knižnica 
852 |a Slovenská národná knižnica 
954 |a odborná, vedecká literatúra pôvodná (slovenská)  |2 lita 
958 |a article27 
958 |a MI 
958 |a OND 
958 |a EUIPO 
999 |c 2894613  |d 2896543